| 000 | 00413nam a22001577a 4500 | ||
|---|---|---|---|
| 005 | 20170502124233.0 | ||
| 008 | 160613b xxu||||| |||| 00| 0 eng d | ||
| 020 | _a978-93-5014-258-5 | ||
| 041 | _aeng | ||
| 082 | _b7103 | ||
| 100 |
_aGupta J.B. _91755 |
||
| 245 | _aUtilisation of Electure power and electric Traction | ||
| 260 |
_bS. K. Katria & Sons _c1968 |
||
| 650 |
_aDIPLOMA ENGINEERING _9817 |
||
| 942 | _cBK | ||
| 999 |
_c2468 _d2467 |
||